Trang trí & xử lý ảnh trong Winword /

Công cụ đồ hoạ trong Word-Excel; Vẽ hình ảnh với công cụ Drawing; Picture - hình ảnh; WordArt; Khung viền - tô bóng; Ví dụ tổng hợp.

שמור ב:
מידע ביבליוגרפי
מחבר תאגידי: VN-Guide (Tổng hợp và biên soạn.)
פורמט: ספר
שפה:Vietnamese
יצא לאור: Hà Nội : Thống kê, 2003.
סדרה:Sổ tay kỹ thuật tin học.
נושאים:
תגים: הוספת תג
אין תגיות, היה/י הראשונ/ה לתייג את הרשומה!
Thư viện lưu trữ: Mạng thư viện Đại học Đà Nẵng
LEADER 01428cam a2200385 a 4500
001 000048955
003 8682
005 20060220161009.0
008 010326b2003 vm 000 vie
020 |c 16000 
040 |a LRC  |c LRC  |d LRC 
041 0 |a vie 
082 1 4 |a 005.52  |b Tr-T 
245 0 0 |a Trang trí & xử lý ảnh trong Winword /  |c biên soạn và tổng hợp VN-Guide. 
246 3 4 |a Trang trí và xử lý ảnh trong Winword. 
260 |a Hà Nội :  |b Thống kê,  |c 2003. 
300 |a 151 tr. :  |b mh. ;  |c 20 cm. 
440 0 |a Sổ tay kỹ thuật tin học. 
520 3 |a Công cụ đồ hoạ trong Word-Excel; Vẽ hình ảnh với công cụ Drawing; Picture - hình ảnh; WordArt; Khung viền - tô bóng; Ví dụ tổng hợp. 
630 0 4 |a Tin học. 
630 0 4 |a Computers. 
650 0 4 |a WinWord 2000 (Chương trình máy tính). 
710 1 |a VN-Guide,  |e Tổng hợp và biên soạn. 
OWN |a DUT 
AVA |a UDN50  |b DUT  |c Book  |d 005.52 Tr-T  |e available  |t Error 5001 Not defined in file expand_doc_bib_avail.  |f 5  |g 0  |h N  |i 0  |j SH  |k 1 
999 |a From the UDN01 
AVA |a UDN50  |b DUT  |c Book  |d 005.52 Tr-T  |e available  |t Error 5001 Not defined in file expand_doc_bib_avail.  |f 5  |g 0  |h N  |i 0  |j SH  |k 1 
TYP |a Monograph 
TYP |a Printed language 
980 |a Mạng thư viện Đại học Đà Nẵng